[Event "Brno Open 2021 - C FIDE open"]
[Site "Bobycentrum hotel, Brno"]
[Date "2021.11.21"]
[Round "2"]
[Board "2"]
[White "NEZVAL, Filip"]
[Black "SZKOLUDEK, Sebastian"]
[Result "1-0"]
[WhiteElo "2158"]
[BlackElo "1916"]
[PlyCount "71"]
[EventDate "2021.11.20"]
[EventRounds "9"]
[EventCountry "CZE"]

1. d4 Nf6 2. c4 c5 3. d5 b5 4. cxb5 a6 5. b6 d6 6. Nc3 Qxb6 7. e4 g6 8. Nf3 Bg7
9. Nd2 O-O 10. Nc4 Qa7 11. Be2 Nbd7 12. O-O Rb8 13. Na5 Bb7 14. Qc2 Ba8 15. Rb1
Ne8 16. Be3 Qc7 17. Nc4 Qc8 18. f4 Nc7 19. a4 f5 20. exf5 gxf5 21. Bd3 Nb6 22.
Nxb6 Rxb6 23. Bc4 Rb4 24. b3 Qe8 25. Rbd1 Qf7 26. Qd3 Rfb8 27. Ne2 Rf8 28. Bd2
Bxd5 29. Bxb4 Bxc4 30. bxc4 cxb4 31. a5 Ne6 32. Qb1 Qh5 33. Rf3 Rb8 34. Ng3 Qf7
35. Nxf5 Bf6 36. Nh6+  1-0

[Event "Brno Open 2021 - C FIDE open"]
[Site "Bobycentrum hotel, Brno"]
[Date "2021.11.21"]
[Round "2"]
[Board "3"]
[White "SVOBODOVA, Michaela"]
[Black "JIRES, Jiri"]
[Result "1-0"]
[WhiteElo "1934"]
[BlackElo "2153"]
[PlyCount "45"]
[EventDate "2021.11.20"]
[EventRounds "9"]
[EventCountry "CZE"]

1. e4 Nf6 2. e5 Nd5 3. d4 d6 4. c4 Nb6 5. Nc3 g6 6. Be3 Bg7 7. Rc1 Nc6 8. d5
Nxe5 9. Be2 O-O 10. b3 f6 11. f4 Nf7 12. Nf3 e5 13. dxe6 Bxe6 14. O-O Re8 15.
Qd2 Qe7 16. Rfe1 Nh6 17. Nd4 Bg4 18. Bd3 Rad8 19. f5 Qf8 20. Ne6 Rxe6 21. fxe6
Re8 22. Nd5 Bxe6 23. Nxc7  1-0

[Event "Brno Open 2021 - C FIDE open"]
[Site "Bobycentrum hotel, Brno"]
[Date "2021.11.21"]
[Round "2"]
[Board "4"]
[White "TAJOVSKY, Matej"]
[Black "BRUHN, Peter"]
[Result "1/2-1/2"]
[WhiteElo "2113"]
[BlackElo "1876"]
[PlyCount "77"]
[EventDate "2021.11.20"]
[EventRounds "9"]
[EventCountry "CZE"]

1. e4 g6 2. d4 Bg7 3. Nc3 d6 4. Be3 Nf6 5. f3 O-O 6. Qd2 c5 7. dxc5 dxc5 8.
Qxd8 Rxd8 9. Bxc5 Nc6 10. Bd3 b6 11. Be3 Be6 12. Nge2 Nb4 13. Nf4 Nd7 14. Nxe6
fxe6 15. O-O-O Rac8 16. Bb5 Rxc3 17. bxc3 Nxa2+ 18. Kd2 Nxc3 19. Bd3 Nxd1 20.
Rxd1 Ne5 21. Ke2 Nxd3 22. Rxd3 Ra8 23. Ra3 Rc8 24. Rxa7 Rxc2+ 25. Kd3 Rxg2 26.
Bxb6 Kf7 27. Bc7 e5 28. Ra5 Rxh2 29. Bxe5 Rh5 30. Bc7 Rxa5 31. Bxa5 e5 32. Bd2
h5 33. Ke2 Kf6 34. f4 Ke6 35. Kf3 exf4 36. Bxf4 Be5 37. Bg5 Bf6 38. Bd2 g5 39.
Bxg5  1/2-1/2

[Event "Brno Open 2021 - C FIDE open"]
[Site "Bobycentrum hotel, Brno"]
[Date "2021.11.21"]
[Round "2"]
[Board "5"]
[White "MORKUNAS, Gustas"]
[Black "BARAK, David"]
[Result "1-0"]
[WhiteElo "1907"]
[BlackElo "2097"]
[PlyCount "51"]
[EventDate "2021.11.20"]
[EventRounds "9"]
[EventCountry "CZE"]

1. e4 c5 2. Nf3 e6 3. d4 cxd4 4. Nxd4 a6 5. Nc3 Qc7 6. Bd3 Nf6 7. Be3 b5 8. f4
Bb7 9. Qf3 d6 10. a3 Nbd7 11. O-O Be7 12. Rae1 Nc5 13. Kh1 O-O 14. g4 Rfe8 15.
g5 Nfd7 16. h4 Bf8 17. h5 e5 18. Nf5 Nb6 19. fxe5 Rxe5 20. Bd4 Ree8 21. Nh6+
Kh8 22. Nxf7+ Kg8 23. g6 Qe7 24. gxh7+ Kxh7 25. Qf5+ Kg8 26. Ng5  1-0

[Event "Brno Open 2021 - C FIDE open"]
[Site "Bobycentrum hotel, Brno"]
[Date "2021.11.21"]
[Round "2"]
[Board "6"]
[White "STANCIK, Jakub"]
[Black "BOKHNAK, Timofey"]
[Result "0-1"]
[WhiteElo "2079"]
[BlackElo "1855"]
[PlyCount "52"]
[EventDate "2021.11.20"]
[EventRounds "9"]
[EventCountry "CZE"]

1. e4 c5 2. Nf3 e6 3. d4 cxd4 4. Nxd4 a6 5. Bd3 g6 6. O-O Bg7 7. Nb3 Ne7 8. f4
Nbc6 9. Nc3 O-O 10. f5 f6 11. Be3 Ne5 12. fxg6 hxg6 13. Be2 b5 14. Bc5 Nf7 15.
a3 d6 16. Be3 Bb7 17. Nd4 Qd7 18. Bg4 f5 19. exf5 gxf5 20. Bh3 Nc6 21. Nf3 Nce5
22. Nh4 Nc4 23. Bd4 Nxb2 24. Qd2 Nc4 25. Qd1 Ng5 26. Nf3 Bxf3  0-1

[Event "Brno Open 2021 - C FIDE open"]
[Site "Bobycentrum hotel, Brno"]
[Date "2021.11.21"]
[Round "2"]
[Board "7"]
[White "STRAPEC, Lukas"]
[Black "GURACK, Daniel"]
[Result "1/2-1/2"]
[WhiteElo "1868"]
[BlackElo "2076"]
[PlyCount "119"]
[EventDate "2021.11.20"]
[EventRounds "9"]
[EventCountry "CZE"]

1. d4 e6 2. c4 Nf6 3. Nc3 Bb4 4. Qc2 c5 5. dxc5 Qc7 6. a3 Bxc5 7. e3 a6 8. b4
Be7 9. Nf3 b6 10. Bb2 Bb7 11. Be2 d6 12. O-O O-O 13. Rac1 Nbd7 14. e4 Rac8 15.
Bd3 Rfe8 16. Rfe1 Ng4 17. Na4 Bf6 18. h3 Nge5 19. Nxe5 Bxe5 20. Bxe5 Nxe5 21.
f4 Nxd3 22. Qxd3 f5 23. exf5 Qc6 24. Qf3 Qxf3 25. gxf3 exf5 26. Nxb6 Rxe1+ 27.
Rxe1 Rc7 28. Re6 Bxf3 29. Rxd6 h6 30. c5 Re7 31. Kf2 Bh1 32. c6 Rc7 33. Rd8+
Kh7 34. Rc8 Rxc6 35. Rxc6 Bxc6 36. Nc4 g5 37. Nd6 Kg6 38. Kg3 Kf6 39. Nc4 Ke6
40. Ne3 Be4 41. Nc4 Bd3 42. Ne5 Bf1 43. h4 Be2 44. Nc6 gxh4+ 45. Kxh4 Kd5 46.
Ne7+ Ke4 47. Kg3 Bd3 48. Ng8 h5 49. Nf6+ Kd4 50. a4 Kc3 51. b5 Bxb5 52. axb5
axb5 53. Nd5+ Kd4 54. Nb4 Ke4 55. Nc2 h4+ 56. Kxh4 Kxf4 57. Kh3 Ke4 58. Kg3 Kd3
59. Nb4+ Ke3 60. Nc2+  1/2-1/2

[Event "Brno Open 2021 - C FIDE open"]
[Site "Bobycentrum hotel, Brno"]
[Date "2021.11.21"]
[Round "2"]
[Board "8"]
[White "SALERNO, Christian"]
[Black "HRDLICKA, Vladan"]
[Result "1-0"]
[WhiteElo "2048"]
[BlackElo "1789"]
[PlyCount "69"]
[EventDate "2021.11.20"]
[EventRounds "9"]
[EventCountry "CZE"]

1. e4 c5 2. Nf3 e6 3. d4 cxd4 4. Nxd4 Nc6 5. Nb5 d6 6. Bf4 e5 7. Be3 a6 8. N5c3
Nf6 9. Bg5 Be6 10. Bxf6 gxf6 11. Nd5 f5 12. exf5 Bxf5 13. Nbc3 b5 14. Ne3 Be6
15. Ncd5 Bh6 16. Bd3 Rc8 17. a4 O-O 18. axb5 axb5 19. Bxb5 f5 20. Bxc6 Rxc6 21.
Qh5 Bg7 22. Ra7 Rf7 23. Rxf7 Bxf7 24. Qxf5 Qa5+ 25. b4 Qa1+ 26. Ke2 Rxc2+ 27.
Qxc2 Qxh1 28. Qc8+ Bf8 29. Ne7+ Kg7 30. N3f5+ Kf6 31. Qxf8 Qxg2 32. Qh6+ Bg6
33. Qg7+ Kg5 34. h4+ Kf4 35. Qh6+  1-0

[Event "Brno Open 2021 - C FIDE open"]
[Site "Bobycentrum hotel, Brno"]
[Date "2021.11.21"]
[Round "2"]
[Board "9"]
[White "SHARON, Rafael"]
[Black "BENES, Miroslav"]
[Result "1-0"]
[WhiteElo "1810"]
[BlackElo "1988"]
[PlyCount "67"]
[EventDate "2021.11.20"]
[EventRounds "9"]
[EventCountry "CZE"]

1. e4 c6 2. d4 d5 3. e5 c5 4. c3 Nc6 5. Be3 Qb6 6. Qd2 e6 7. Nf3 Bd7 8. Be2
Nge7 9. dxc5 Qc7 10. Bd4 Ng6 11. Qe3 a5 12. O-O Rc8 13. a4 Be7 14. Bb5 O-O 15.
Na3 f6 16. Bxc6 Qxc6 17. b4 axb4 18. cxb4 Qxa4 19. Nc4 Qb5 20. Nb6 Rcd8 21. Qd2
fxe5 22. Nxe5 Nxe5 23. Bxe5 Rf5 24. Qd4 Bf6 25. f4 Bxe5 26. fxe5 Rdf8 27. Rxf5
Rxf5 28. Nxd5 exd5 29. Qxd5+ Kf8 30. g4 Rg5 31. Rf1+ Ke8 32. Qg8+ Ke7 33. Qf8+
Ke6 34. Qd6#  1-0

[Event "Brno Open 2021 - C FIDE open"]
[Site "Bobycentrum hotel, Brno"]
[Date "2021.11.22"]
[Round "3"]
[Board "1"]
[White "MORKUNAS, Gustas"]
[Black "MOSKVIN, Anatoly"]
[Result "0-1"]
[WhiteElo "1907"]
[BlackElo "2201"]
[PlyCount "84"]
[EventDate "2021.11.20"]
[EventRounds "9"]
[EventCountry "CZE"]

1. e4 e5 2. Nf3 d5 3. d3 Nc6 4. exd5 Qxd5 5. Nc3 Bb4 6. Bd2 Bxc3 7. Bxc3 Bg4 8.
Be2 O-O-O 9. O-O Nf6 10. h3 h5 11. Ng5 Bxe2 12. Qxe2 h4 13. Qf3 Qd7 14. Rfe1
Rde8 15. Re2 Re7 16. Rae1 Nd5 17. Ne4 f6 18. Nc5 Qd6 19. Qf5+ Kb8 20. Ne4 Qd8
21. g3 Ree8 22. Kh2 hxg3+ 23. fxg3 b6 24. Nf2 Nce7 25. Qf3 c5 26. Bd2 Nc7 27.
Qg4 Nc6 28. c3 Ne6 29. Qf3 Qd7 30. g4 Ne7 31. Re4 Nd5 32. Qg3 g5 33. Qf3 Ndf4
34. Bxf4 gxf4 35. Qd1 Ng5 36. Kg2 Qh7 37. Rh1 Qh4 38. Kf1 Rd8 39. Re1 f3 40.
Re3 Qg3 41. h4 Rxh4 42. Rxh4 Qg2+  0-1

[Event "Brno Open 2021 - C FIDE open"]
[Site "Bobycentrum hotel, Brno"]
[Date "2021.11.22"]
[Round "3"]
[Board "2"]
[White "BOKHNAK, Timofey"]
[Black "NEZVAL, Filip"]
[Result "1-0"]
[WhiteElo "1855"]
[BlackElo "2158"]
[PlyCount "43"]
[EventDate "2021.11.20"]
[EventRounds "9"]
[EventCountry "CZE"]

1. e4 c6 2. d4 d5 3. exd5 cxd5 4. Bd3 Nc6 5. c3 Nf6 6. Ne2 Bg4 7. O-O e6 8. Qe1
Bxe2 9. Qxe2 Bd6 10. Nd2 Qc7 11. Nf3 a6 12. Bg5 h6 13. Bd2 O-O 14. Rfe1 Bf4 15.
Ne5 Bxd2 16. Qxd2 Nxe5 17. dxe5 Nd7 18. f4 Nc5 19. Bc2 Rfd8 20. Re3 Ne4 21. Qd4
Qc5 22. Rxe4  1-0

[Event "Brno Open 2021 - C FIDE open"]
[Site "Bobycentrum hotel, Brno"]
[Date "2021.11.22"]
[Round "3"]
[Board "3"]
[White "SHARON, Rafael"]
[Black "SALERNO, Christian"]
[Result "1-0"]
[WhiteElo "1810"]
[BlackElo "2048"]
[PlyCount "75"]
[EventDate "2021.11.20"]
[EventRounds "9"]
[EventCountry "CZE"]

1. e4 e5 2. Nf3 Nc6 3. Nc3 Nf6 4. d4 exd4 5. Nxd4 Bb4 6. Nxc6 bxc6 7. Bd3 d5 8.
exd5 cxd5 9. O-O O-O 10. Bg5 c6 11. Na4 Qd6 12. Bh4 Ng4 13. Bg3 Qf6 14. h3 Ne5
15. Bxh7+ Kxh7 16. Qh5+ Kg8 17. Qxe5 Qxe5 18. Bxe5 Ba6 19. Rfd1 Rfe8 20. Bc3
Bb5 21. Bxb4 Bxa4 22. b3 Bb5 23. Re1 Rxe1+ 24. Rxe1 a5 25. Bc5 a4 26. a3 Rd8
27. Bd4 Kf8 28. h4 g6 29. Bf6 Ra8 30. g4 Rc8 31. Re5 axb3 32. cxb3 d4 33. h5 d3
34. h6 Kg8 35. Re1 c5 36. g5 c4 37. h7+ Kxh7 38. Re4  1-0

[Event "Brno Open 2021 - C FIDE open"]
[Site "Bobycentrum hotel, Brno"]
[Date "2021.11.22"]
[Round "3"]
[Board "5"]
[White "GURACK, Daniel"]
[Black "TAJOVSKY, Matej"]
[Result "0-1"]
[WhiteElo "2076"]
[BlackElo "2113"]
[PlyCount "68"]
[EventDate "2021.11.20"]
[EventRounds "9"]
[EventCountry "CZE"]

1. e4 c5 2. Nf3 e6 3. c3 Nf6 4. e5 Nd5 5. d4 cxd4 6. cxd4 d6 7. Bb5+ Bd7 8.
Bxd7+ Nxd7 9. O-O Qc7 10. Qe2 Rc8 11. Bd2 dxe5 12. dxe5 Be7 13. Nc3 Nxc3 14.
Bxc3 O-O 15. Rac1 Nb6 16. h3 Nd5 17. Qe4 b5 18. Bd2 Qb6 19. Ng5 g6 20. Qh4 h5
21. g4 Qd4 22. Rcd1 Rc2 23. Qg3 Rxd2 24. Nf3 Rxd1 25. Nxd4 Rxd4 26. Rc1 Bg5 27.
Rc2 Rd8 28. gxh5 Bf4 29. Qf3 Bxe5 30. hxg6 Nf4 31. gxf7+ Kxf7 32. Re2 Rg8+ 33.
Kh1 Rd1+ 34. Kh2 Rg2+  0-1

[Event "Brno Open 2021 - C FIDE open"]
[Site "Bobycentrum hotel, Brno"]
[Date "2021.11.22"]
[Round "3"]
[Board "6"]
[White "BRUHN, Peter"]
[Black "OCHEDZAN, Filip"]
[Result "1/2-1/2"]
[WhiteElo "1876"]
[BlackElo "1685"]
[PlyCount "91"]
[EventDate "2021.11.20"]
[EventRounds "9"]
[EventCountry "CZE"]

1. e4 c5 2. Nf3 d6 3. d3 Nf6 4. g3 Nc6 5. Bg2 g6 6. c3 Bg7 7. O-O O-O 8. Re1
Qc7 9. Nbd2 Rb8 10. Nf1 b5 11. Bf4 e5 12. Bd2 c4 13. d4 a5 14. d5 Nd8 15. Qc2
Nb7 16. b4 axb4 17. cxb4 Bd7 18. h3 Rbc8 19. Rac1 h5 20. Ne3 Bh6 21. Nd1 Bxd2
22. Qxd2 Kg7 23. Nc3 Ra8 24. Ng5 Nh7 25. h4 Qb6 26. Qe3 Qxe3 27. Rxe3 Nxg5 28.
hxg5 f5 29. gxf6+ Rxf6 30. Rf3 g5 31. Rxf6 Kxf6 32. f3 Kg6 33. Rf1 Rf8 34. g4
hxg4 35. fxg4 Rf4 36. Bh3 Nd8 37. Kh2 Nf7 38. Rg1 Rf3 39. Rg3 Rf2+ 40. Rg2 Rf4
41. Rg3 Nh6 42. Kg1 Ng8 43. Bg2 Ne7 44. Bf3 Nc8 45. Kf2 Rf8 46. Ke3  1/2-1/2

[Event "Brno Open 2021 - C FIDE open"]
[Site "Bobycentrum hotel, Brno"]
[Date "2021.11.22"]
[Round "3"]
[Board "7"]
[White "JIRES, Jiri"]
[Black "STRAPEC, Lukas"]
[Result "1-0"]
[WhiteElo "2153"]
[BlackElo "1868"]
[PlyCount "91"]
[EventDate "2021.11.20"]
[EventRounds "9"]
[EventCountry "CZE"]

1. e4 c5 2. Nf3 e6 3. d3 Nc6 4. g3 Nf6 5. Bg2 d5 6. Qe2 Be7 7. O-O O-O 8. e5
Nd7 9. c4 Nb6 10. b3 f6 11. cxd5 Nxd5 12. Bb2 fxe5 13. Nxe5 Nxe5 14. Bxe5 Bf6
15. Rd1 Bxe5 16. Qxe5 Rf5 17. Qb2 Bd7 18. Na3 Bc6 19. Be4 Rf7 20. Rac1 b6 21.
Nc4 Qf6 22. Ne5 Raf8 23. Rd2 Rc7 24. d4 Be8 25. dxc5 Rxc5 26. Rxc5 bxc5 27. Nd3
Qxb2 28. Rxb2 Nf6 29. Bg2 Nd7 30. Rc2 Bg6 31. Rc3 Rc8 32. Nf4 Bf5 33. h3 e5 34.
Nd5 Kf7 35. Rf3 Ke6 36. Rxf5 Rd8 37. Rf3 e4 38. Nf4+ Ke5 39. Rc3 g5 40. Ne2 Rc8
41. Rc4 Nf6 42. Nc3 Kd6 43. b4 Rb8 44. bxc5+ Kc6 45. Nxe4 Kd5 46. Nd2+  1-0

[Event "Brno Open 2021 - C FIDE open"]
[Site "Bobycentrum hotel, Brno"]
[Date "2021.11.22"]
[Round "3"]
[Board "8"]
[White "THUESEN, Mogens"]
[Black "KIEVELITZ, Bernd"]
[Result "1-0"]
[WhiteElo "2188"]
[BlackElo "1769"]
[PlyCount "69"]
[EventDate "2021.11.20"]
[EventRounds "9"]
[EventCountry "CZE"]

1. d4 Nf6 2. c4 e6 3. Nc3 Bb4 4. e3 O-O 5. Nge2 Re8 6. a3 Bf8 7. Ng3 d6 8. Be2
Nbd7 9. O-O e5 10. d5 a5 11. e4 Nc5 12. Be3 g6 13. Qc2 Bd7 14. b4 axb4 15. axb4
Rxa1 16. Rxa1 Na6 17. Rb1 Ng4 18. Bxg4 Bxg4 19. f3 Bc8 20. Nge2 f5 21. Nc1 fxe4
22. Nxe4 Bf5 23. Ne2 Bxe4 24. Qxe4 b6 25. Nc3 Nb8 26. Ra1 Nd7 27. Ra7 Nf6 28.
Qh4 Be7 29. Qh3 Qc8 30. Qxc8 Rxc8 31. Nb5 Bd8 32. Bg5 Ne8 33. Bxd8 Rxd8 34.
Nxc7 Nxc7 35. Rxc7  1-0

[Event "Brno Open 2021 - C FIDE open"]
[Site "Bobycentrum hotel, Brno"]
[Date "2021.11.22"]
[Round "3"]
[Board "9"]
[White "BARAK, David"]
[Black "TREBICKY, Jiri"]
[Result "1-0"]
[WhiteElo "2097"]
[BlackElo "1723"]
[PlyCount "75"]
[EventDate "2021.11.20"]
[EventRounds "9"]
[EventCountry "CZE"]

1. d4 Nf6 2. c4 g6 3. Nc3 d5 4. cxd5 Nxd5 5. e4 Nxc3 6. bxc3 Bg7 7. Nf3 c5 8.
Rb1 Qa5 9. Bd2 Qxa2 10. Bd3 O-O 11. O-O cxd4 12. cxd4 Bg4 13. d5 Bxf3 14. gxf3
b6 15. Bb4 Bf6 16. f4 a5 17. Bd2 Bd4 18. Qe2 Nd7 19. Bc4 Qa3 20. Rb3 Qc5 21.
Re1 a4 22. Rb5 Qc7 23. Qd3 Bc5 24. e5 Rfc8 25. Ba2 Kf8 26. h4 h5 27. d6 exd6
28. Qd5 Nxe5 29. fxe5 Qd7 30. Qf3 dxe5 31. Bh6+ Kg8 32. Rd1 Bxf2+ 33. Kxf2 Rc2+
34. Kg1 Qxd1+ 35. Qxd1 Rxa2 36. Qb1 Re2 37. Qf1 Re4 38. Qf6  1-0

[Event "Brno Open 2021 - C FIDE open"]
[Site "Bobycentrum hotel, Brno"]
[Date "2021.11.22"]
[Round "3"]
[Board "10"]
[White "SEPSI, Jakub"]
[Black "STANCIK, Jakub"]
[Result "1/2-1/2"]
[WhiteElo "1553"]
[BlackElo "2079"]
[PlyCount "89"]
[EventDate "2021.11.20"]
[EventRounds "9"]
[EventCountry "CZE"]

1. e4 c5 2. Nf3 Nc6 3. d4 cxd4 4. Nxd4 e5 5. Nb5 d6 6. N1c3 a6 7. Na3 Be7 8.
Nd5 Nf6 9. Nxf6+ Bxf6 10. c3 Be6 11. Be3 O-O 12. Bc4 Qe7 13. Bd5 Rad8 14. Qd3
Bg5 15. Bb6 Rd7 16. O-O Kh8 17. Rad1 f5 18. exf5 Bxf5 19. Be4 g6 20. Be3 d5 21.
Bxf5 Rxf5 22. Bxg5 Qxg5 23. Nc2 Rf8 24. Qe3 Qf6 25. f3 Kg7 26. Rf2 Rd6 27. Rfd2
Rfd8 28. Qc5 Qe6 29. Nb4 Nxb4 30. Qxb4 R8d7 31. Re1 Qf5 32. Qg4 Qxg4 33. fxg4
Re6 34. b3 Kf6 35. h4 e4 36. Kf2 Rdd6 37. Ke3 Ke5 38. Rf1 Rc6 39. Rc2 Rxc3+ 40.
Rxc3 d4+ 41. Kd2 dxc3+ 42. Kxc3 Rd6 43. Rf7 e3 44. g3 Ke4 45. Rf4+  1/2-1/2

[Event "Brno Open 2021 - C FIDE open"]
[Site "Bobycentrum hotel, Brno"]
[Date "2021.11.23"]
[Round "4"]
[Board "1"]
[White "MOSKVIN, Anatoly"]
[Black "BOKHNAK, Timofey"]
[Result "0-1"]
[WhiteElo "2201"]
[BlackElo "1855"]
[PlyCount "76"]
[EventDate "2021.11.20"]
[EventRounds "9"]
[EventCountry "CZE"]

1. e4 c5 2. Nf3 e6 3. b4 cxb4 4. d4 d5 5. e5 Nc6 6. a3 f6 7. Bd3 Qc7 8. Bf4
bxa3 9. c3 Qa5 10. Qc2 g5 11. Bg3 f5 12. Nxg5 Nxd4 13. Qd1 a2 14. O-O axb1=Q
15. Qh5+ Kd7 16. Rfxb1 Qxc3 17. Nf7 Qxd3 18. Nxh8 Nh6 19. Nf7 f4 20. Nxh6 Qg6
21. Qd1 fxg3 22. Qxd4 gxf2+ 23. Qxf2 Bxh6 24. Qc5 Qe4 25. Re1 Qc4 26. Qf2 Qf4
27. Qc2 Qf5 28. Qc5 Qf8 29. Qb5+ Kc7 30. Qd3 Bd7 31. Qxh7 Qg7 32. Qc2+ Bc6 33.
Ra3 Bf4 34. Rb3 Rg8 35. Reb1 Qxe5 36. Rxb7+ Kd6 37. R7b3 Bxh2+ 38. Kf1 Bb5+  0-1

[Event "Brno Open 2021 - C FIDE open"]
[Site "Bobycentrum hotel, Brno"]
[Date "2021.11.23"]
[Round "4"]
[Board "2"]
[White "SVOBODOVA, Michaela"]
[Black "SHARON, Rafael"]
[Result "1-0"]
[WhiteElo "1934"]
[BlackElo "1810"]
[PlyCount "95"]
[EventDate "2021.11.20"]
[EventRounds "9"]
[EventCountry "CZE"]

1. e4 c5 2. Nf3 e6 3. d4 cxd4 4. Nxd4 a6 5. c4 Nf6 6. Nc3 d6 7. Be2 Be7 8. Be3
Nbd7 9. Qd2 Ne5 10. f4 Neg4 11. Bg1 e5 12. Nc2 exf4 13. Qxf4 O-O 14. Ne3 Nxe3
15. Bxe3 Be6 16. O-O Rc8 17. Nd5 Bxd5 18. exd5 Qc7 19. Bd4 Rce8 20. Bd3 Nd7 21.
Rf3 Ne5 22. Rg3 Ng6 23. Qg4 Qc8 24. Qh5 f5 25. Rh3 Bf6 26. Qxh7+ Kf7 27. Bxf6
Qc5+ 28. Kh1 Kxf6 29. Rg3 Qb4 30. Rxg6+ Ke7 31. Qxg7+ Kd8 32. Rf1 f4 33. Re6 f3
34. Rxe8+ Rxe8 35. Qf6+ Kc8 36. Qxf3 Qxb2 37. h3 Qxa2 38. Qf5+ Kb8 39. Qd7 Rg8
40. Qxd6+ Ka7 41. Qc5+ Ka8 42. Qf2 Qa3 43. Be4 Rc8 44. Qd4 Qd6 45. Rb1 Re8 46.
c5 Qf4 47. Qb4 Qf7 48. Bg6  1-0

[Event "Brno Open 2021 - C FIDE open"]
[Site "Bobycentrum hotel, Brno"]
[Date "2021.11.23"]
[Round "4"]
[Board "3"]
[White "TAJOVSKY, Matej"]
[Black "BARAK, David"]
[Result "0-1"]
[WhiteElo "2113"]
[BlackElo "2097"]
[PlyCount "132"]
[EventDate "2021.11.20"]
[EventRounds "9"]
[EventCountry "CZE"]

1. e4 c6 2. d4 d5 3. exd5 cxd5 4. c4 Nf6 5. Nc3 Be6 6. cxd5 Bxd5 7. Nxd5 Qxd5
8. Nf3 e6 9. Bd3 Bb4+ 10. Bd2 Bxd2+ 11. Qxd2 Nc6 12. O-O O-O 13. Rfd1 Rfd8 14.
Qe2 Rd6 15. Bb5 Rad8 16. Rac1 a6 17. Bxc6 Rxc6 18. Rxc6 Qxc6 19. h3 h6 20. a3
Rc8 21. Ne5 Qc2 22. Rd2 Qb1+ 23. Kh2 Qe4 24. Nd7 Qxe2 25. Nxf6+ gxf6 26. Rxe2
Kf8 27. Kg3 Rc4 28. Rd2 Ke7 29. Kf3 Kd6 30. Ke3 Kd5 31. f4 Rc1 32. f5 Re1+ 33.
Kd3 b5 34. Rf2 e5 35. dxe5 fxe5 36. Rc2 Rf1 37. Rc8 Rxf5 38. Rd8+ Ke6 39. Ra8
Rf2 40. Kc3 h5 41. Rxa6+ Kd5 42. g4 h4 43. Rb6 Kc5 44. Rb7 Rf3+ 45. Kd2 f6 46.
Rf7 Rxh3 47. Rxf6 Rg3 48. Rh6 Rxg4 49. Ke3 Kd5 50. Rh5 Rg3+ 51. Kf2 Rh3 52. Kg2
Rb3 53. Rxh4 Rxb2+ 54. Kf1 e4 55. Rh3 Kc4 56. Re3 Kd4 57. Rh3 Kc4 58. Re3 Kd4
59. Rh3 Rd2 60. Rb3 Kc5 61. Rc3+ Kd5 62. Rb3 Kc6 63. Rc3+ Kb6 64. Ke1 Rd3 65.
Rc8 Rxa3 66. Kd2 e3+  0-1

[Event "Brno Open 2021 - C FIDE open"]
[Site "Bobycentrum hotel, Brno"]
[Date "2021.11.23"]
[Round "4"]
[Board "4"]
[White "SZKOLUDEK, Sebastian"]
[Black "THUESEN, Mogens"]
[Result "0-1"]
[WhiteElo "1916"]
[BlackElo "2188"]
[PlyCount "60"]
[EventDate "2021.11.20"]
[EventRounds "9"]
[EventCountry "CZE"]

1. Nf3 d5 2. c4 e6 3. g3 Nf6 4. Bg2 c5 5. O-O Nc6 6. b3 d4 7. d3 Be7 8. Bg5 O-O
9. Nbd2 e5 10. Bxf6 Bxf6 11. Ne1 Be6 12. Nc2 Qd7 13. Rb1 Be7 14. Qc1 Bh3 15. a3
Bxg2 16. Kxg2 a5 17. Qb2 Ra6 18. Rbe1 Rb6 19. Qa2 Nd8 20. h3 Rh6 21. Rh1 f5 22.
e3 Qc6+ 23. e4 Bg5 24. Nf3 Qf6 25. Nxg5 Qxg5 26. h4 Qf6 27. Rhf1 Ne6 28. Na1
fxe4 29. Rxe4 Qf3+ 30. Kg1 Nf4  0-1

[Event "Brno Open 2021 - C FIDE open"]
[Site "Bobycentrum hotel, Brno"]
[Date "2021.11.23"]
[Round "4"]
[Board "5"]
[White "NEZVAL, Filip"]
[Black "MORKUNAS, Gustas"]
[Result "1/2-1/2"]
[WhiteElo "2158"]
[BlackElo "1907"]
[PlyCount "52"]
[EventDate "2021.11.20"]
[EventRounds "9"]
[EventCountry "CZE"]

1. d4 Nf6 2. c4 g6 3. Nc3 Bg7 4. e4 d6 5. Nf3 O-O 6. Be2 Nbd7 7. O-O e5 8. d5
Nc5 9. Nd2 a5 10. Qc2 Bd7 11. b3 Ne8 12. Bb2 Bh6 13. Rae1 f5 14. exf5 gxf5 15.
f4 Bxf4 16. Rxf4 exf4 17. a3 Qe7 18. Nf3 Nf6 19. Bd3 Qg7 20. Nb5 Bxb5 21. cxb5
Nxd3 22. Qxd3 Rae8 23. Rxe8 Rxe8 24. Qxf5 Re2 25. Qc8+ Re8 26. Qf5 Re2  1/2-1/2

[Event "Brno Open 2021 - C FIDE open"]
[Site "Bobycentrum hotel, Brno"]
[Date "2021.11.23"]
[Round "4"]
[Board "6"]
[White "ZUZIAK, Petr"]
[Black "JIRES, Jiri"]
[Result "0-1"]
[WhiteElo "1781"]
[BlackElo "2153"]
[PlyCount "78"]
[EventDate "2021.11.20"]
[EventRounds "9"]
[EventCountry "CZE"]

1. Nf3 Nf6 2. g3 g6 3. Bg2 Bg7 4. d3 d5 5. O-O O-O 6. Nbd2 c5 7. e4 e6 8. Nh4
Nc6 9. f4 dxe4 10. Nxe4 Nxe4 11. dxe4 Qd4+ 12. Kh1 Rd8 13. Qe2 b6 14. Nf3 Qa4
15. Re1 Ba6 16. Qf2 Nb4 17. b3 Qe8 18. e5 Bb7 19. Bb2 Rd7 20. a3 Nc6 21. Rad1
Rad8 22. Qe2 Ne7 23. Rxd7 Qxd7 24. Ng5 Bxg2+ 25. Kxg2 Nf5 26. Ne4 Qd5 27. Kf2
Kf8 28. g4 Nd4 29. Bxd4 Qxd4+ 30. Qe3 Qb2 31. Qc3 Qxc3 32. Nxc3 f6 33. exf6
Bxf6 34. Nb5 Bh4+ 35. Ke2 Bxe1 36. Kxe1 Rd7 37. a4 Rf7 38. Kd2 a6 39. Nd6 Rd7
 0-1

[Event "Brno Open 2021 - C FIDE open"]
[Site "Bobycentrum hotel, Brno"]
[Date "2021.11.23"]
[Round "4"]
[Board "8"]
[White "JANOUS, Petr"]
[Black "BRUHN, Peter"]
[Result "1/2-1/2"]
[WhiteElo "1979"]
[BlackElo "1876"]
[PlyCount "87"]
[EventDate "2021.11.20"]
[EventRounds "9"]
[EventCountry "CZE"]

1. e4 g6 2. d4 Bg7 3. Nc3 d6 4. g3 Nf6 5. Bg2 O-O 6. Nge2 c5 7. dxc5 dxc5 8.
Qxd8 Rxd8 9. e5 Ne8 10. f4 Na6 11. Be3 Rb8 12. Kf2 Bf5 13. Rhc1 Nec7 14. Ne4 b6
15. a3 Ne8 16. Rd1 f6 17. exf6 Nxf6 18. Nxf6+ Bxf6 19. Bd5+ e6 20. Bc4 Nc7 21.
c3 Be4 22. Ng1 Bc2 23. Rxd8+ Rxd8 24. Nf3 Bd3 25. Bxd3 Rxd3 26. Ke2 Rd5 27. Re1
Kf7 28. c4 Rd6 29. b4 Na6 30. Rb1 Ke7 31. g4 Bc3 32. bxc5 Nxc5 33. Bxc5 bxc5
34. Rb7+ Rd7 35. Rxd7+ Kxd7 36. Kd3 Bb2 37. a4 Kd6 38. Ng5 h5 39. gxh5 gxh5 40.
Ke4 Bf6 41. Nf7+ Kc7 42. Ne5 Kd6 43. Nf7+ Kc7 44. Ne5  1/2-1/2

[Event "Brno Open 2021 - C FIDE open"]
[Site "Bobycentrum hotel, Brno"]
[Date "2021.11.23"]
[Round "4"]
[Board "9"]
[White "OCHEDZAN, Filip"]
[Black "JIRUSE, Josef"]
[Result "1/2-1/2"]
[WhiteElo "1685"]
[BlackElo "1962"]
[PlyCount "99"]
[EventDate "2021.11.20"]
[EventRounds "9"]
[EventCountry "CZE"]

1. e4 c6 2. d4 d5 3. Nc3 dxe4 4. Nxe4 Nf6 5. Nxf6+ exf6 6. c3 Bd6 7. Nf3 Bg4 8.
Bd3 Qe7+ 9. Qe2 Bxf3 10. Qxe7+ Kxe7 11. gxf3 Nd7 12. Bd2 Rae8 13. O-O-O Kd8 14.
f4 g6 15. h4 f5 16. h5 Nf6 17. hxg6 fxg6 18. f3 Rhf8 19. b4 b5 20. Kb2 Rf7 21.
a4 a6 22. axb5 axb5 23. Ra1 Rb7 24. Ra6 Kc7 25. Kb3 Rb6 26. Ra7+ Rb7 27. Ra6
Rb6 28. Raa1 Re7 29. Ra7+ Rb7 30. Ra6 Nd5 31. Rh4 Rf7 32. Kb2 Re7 33. Kb3 h5
34. Ra1 Re6 35. Kb2 Kd7 36. Kb3 Ke7 37. Rg1 Kf7 38. Ra1 Ree7 39. c4 bxc4+ 40.
Bxc4 Kf6 41. Bxd5 cxd5 42. Rh2 Rb6 43. Ra8 Reb7 44. Ra4 Kf7 45. Re2 Rc6 46. Ra5
Rcb6 47. Ra4 Rb5 48. Re1 R5b6 49. Re2 Rc6 50. Ra5  1/2-1/2